000 00596nam a2200157 a 4500
001 000045987
005 20201002052550.0
008 150605s200u dr a 000 0 spa d
040 _aDO-SdBNP
_bspa
_cBNPHU
082 _axxxx
_bxxx
110 1 _aRepública Dominicana
_bSistema de información de la gestión financiera
_974053
245 1 0 _aNueva identidad visual del SIGEF :
_bSistema de información de la gestión financiera /.
260 _a[Santo Domingo], :
_bPrograma de administración financiera integrada,
_c[201-].
300 _a14 p. :
_bil. ;
_c22 cm.
590 _aInventariado, 2018/ YL
999 _c45476
_d45476